|
|
|
|
| LEADER |
03151nam a22005655i 4500 |
| 001 |
978-0-387-25558-3 |
| 003 |
DE-He213 |
| 005 |
20151204143244.0 |
| 007 |
cr nn 008mamaa |
| 008 |
100301s2008 xxu| s |||| 0|eng d |
| 020 |
|
|
|a 9780387255583
|9 978-0-387-25558-3
|
| 024 |
7 |
|
|a 10.1007/978-0-387-25558-3
|2 doi
|
| 040 |
|
|
|d GrThAP
|
| 050 |
|
4 |
|a QC176.8.A44
|
| 072 |
|
7 |
|a PHF
|2 bicssc
|
| 072 |
|
7 |
|a SCI085000
|2 bisacsh
|
| 072 |
|
7 |
|a SCI077000
|2 bisacsh
|
| 082 |
0 |
4 |
|a 530.41
|2 23
|
| 245 |
1 |
0 |
|a Time-Resolved Spectroscopy in Complex Liquids
|h [electronic resource] :
|b An Experimental Perspective /
|c edited by Renato Torre.
|
| 264 |
|
1 |
|a Boston, MA :
|b Springer US,
|c 2008.
|
| 300 |
|
|
|a XII, 252 p. 97 illus.
|b online resource.
|
| 336 |
|
|
|a text
|b txt
|2 rdacontent
|
| 337 |
|
|
|a computer
|b c
|2 rdamedia
|
| 338 |
|
|
|a online resource
|b cr
|2 rdacarrier
|
| 347 |
|
|
|a text file
|b PDF
|2 rda
|
| 505 |
0 |
|
|a Two Dimensional Fifth-Order Raman Spectroscopy -- Optical Kerr Effect Experiments on Complex Liquids -- Transient Grating Experiments in Glass-Former Liquids -- Dynamical Processes in Confined Liquid Crystals -- Time-Resolved Fluorescence and Dichroism in Absorbing Liquids.
|
| 520 |
|
|
|a Time-Resolved Spectroscopy in Complex Liquids introduces current state-of-the-art techniques in the study of complex dynamical problems in liquid phases. With a unique focus on the experimental aspects applied to complex liquids, this volume provides an excellent overview into the quickly emerging field of soft-matter science. Researchers and engineers will find a comprehensive review of current non-linear spectroscopic and optical Kerr effect techniques, in addition to an in-depth look into relaxation dynamics in complex liquids. This volume offers current experimental findings in transient grating spectroscopy and their application to viscoelastic phenomena in glass-formers, dynamics of confined liquid-crystals, and a time-resolved analysis of the host-quest interactions of dye molecules in liquid-crystal matter. Time-Resolved Spectroscopy in Complex Liquids provides a cohesive introduction suitable for individuals involved in this emerging field, complete with the latest experimental procedures of complex liquids.
|
| 650 |
|
0 |
|a Physics.
|
| 650 |
|
0 |
|a Fluids.
|
| 650 |
|
0 |
|a Solid state physics.
|
| 650 |
|
0 |
|a Amorphous substances.
|
| 650 |
|
0 |
|a Complex fluids.
|
| 650 |
|
0 |
|a Spectroscopy.
|
| 650 |
|
0 |
|a Microscopy.
|
| 650 |
|
0 |
|a Fluid mechanics.
|
| 650 |
|
0 |
|a Materials science.
|
| 650 |
1 |
4 |
|a Physics.
|
| 650 |
2 |
4 |
|a Soft and Granular Matter, Complex Fluids and Microfluidics.
|
| 650 |
2 |
4 |
|a Solid State Physics.
|
| 650 |
2 |
4 |
|a Spectroscopy and Microscopy.
|
| 650 |
2 |
4 |
|a Engineering Fluid Dynamics.
|
| 650 |
2 |
4 |
|a Characterization and Evaluation of Materials.
|
| 650 |
2 |
4 |
|a Fluid- and Aerodynamics.
|
| 700 |
1 |
|
|a Torre, Renato.
|e editor.
|
| 710 |
2 |
|
|a SpringerLink (Online service)
|
| 773 |
0 |
|
|t Springer eBooks
|
| 776 |
0 |
8 |
|i Printed edition:
|z 9780387255576
|
| 856 |
4 |
0 |
|u http://dx.doi.org/10.1007/978-0-387-25558-3
|z Full Text via HEAL-Link
|
| 912 |
|
|
|a ZDB-2-PHA
|
| 950 |
|
|
|a Physics and Astronomy (Springer-11651)
|